Central Library OPAC University of Rajshahi

Women in Islam / (Record no. 56909)

MARC details
000 -LEADER
fixed length control field 00890nam a2200289 a 4500
001 - CONTROL NUMBER
control field 56909
003 - CONTROL NUMBER IDENTIFIER
rucl marc code BD-RjUL
005 - DATE AND TIME OF LATEST TRANSACTION
control field 20211209080440.0
008 - FIXED-LENGTH DATA ELEMENTS--GENERAL INFORMATION
fixed length control field 161205s2003 ii ||||| b||| 001 0 eng d
020 ## - INTERNATIONAL STANDARD BOOK NUMBER
International Standard Book Number 8176483850 (set)
International Standard Book Number 8176483869 (vol. I)
International Standard Book Number 8176483877 (vol. II)
035 ## - SYSTEM CONTROL NUMBER
System control number (BD-RjUL)57033
040 ## - CATALOGING SOURCE
Original cataloging agency DLC
Transcribing agency DLC
Modifying agency BD-RjUL
Language of cataloging eng
041 ## - LANGUAGE CODE
Language code of text/sound track or separate title eng
082 00 - DEWEY DECIMAL CLASSIFICATION NUMBER
Classification number 297.082
Edition number 23
Author mark and year WOM 2003
245 01 - TITLE STATEMENT
Title Women in Islam /
Statement of responsibility, etc. Edited by Naseem Ahmad
260 ## - PUBLICATION, DISTRIBUTION, ETC. (IMPRINT)
Place of publication, distribution, etc. New Delhi :
Name of publisher, distributor, etc. A.P.H. Publishing corporation,
Date of publication, distribution, etc. c2003.
300 ## - PHYSICAL DESCRIPTION
Pagination 2 v. ;
Size 24 cm.
504 ## - BIBLIOGRAPHY, ETC. NOTE
Bibliography, etc Includes bibliographical references (p. 967-969) and index.
505 1# - FORMATTED CONTENTS NOTE
Formatted contents note Vol.I & Vol. II
650 #0 - SUBJECT ADDED ENTRY--TOPICAL TERM
Topical term or geographic name as entry element Women in Islam
9 (RLIN) 124514
Topical term or geographic name as entry element Women (Islamic law)
9 (RLIN) 126529
Topical term or geographic name as entry element Women's rights
General subdivision Religious aspects
Form subdivision Islam
9 (RLIN) 169303
700 ## - ADDED ENTRY--PERSONAL NAME
Personal name Ahmad, Naseem
942 ## - ADDED ENTRY ELEMENTS (KOHA)
Source of classification or shelving scheme Dewey Decimal Classification
Koha item type Books
Holdings
Lost status Source of classification or shelving scheme Damaged status Not for loan Collection code Permanent Location Current Location Shelving location Date acquired Source of acquisition Cost, normal purchase price Total Checkouts Full call number Date last seen Copy number Koha item type Date checked out
  Dewey Decimal Classification   Not For Loan Non-fiction Central Library, University of Rajshahi Central Library, University of Rajshahi Reading Room 24/04/2008 dhaka, paragon Enterprice ltd. 2495.00   297.082 WOM V-1 2003 04/12/2016 C-1 Books  
  Dewey Decimal Classification   Not For Loan Non-fiction Central Library, University of Rajshahi Central Library, University of Rajshahi Reading Room 24/04/2008 Paragon inter. ltd., Dhaka 2495.00   297.082 WOM V-2 2003 05/12/2016 C-1 Books  
  Dewey Decimal Classification     Non-fiction Central Library, University of Rajshahi Central Library, University of Rajshahi   23/05/2019 Author 1247.50 1 297.082 WOM V-1 2003 27/09/2023 C-2 Books 14/09/2023
  Dewey Decimal Classification     Non-fiction Central Library, University of Rajshahi Central Library, University of Rajshahi   23/05/2019 Author 1247.50 4 297.082 WOM V-2 2003 07/11/2024 C-2 Books 08/06/2023